Normal view
MARC view
Entry Personal Name
001 - CONTROL NUMBER
- control field: 28313
003 - CONTROL NUMBER IDENTIFIER
- control field: dpl
005 - DATE AND TIME OF LATEST TRANSACTION
- control field: 20110530112049.0
008 - FIXED-LENGTH DATA ELEMENTS
- fixed length control field: 110530|||a|||||| | ||| d
040 ## - CATALOGING SOURCE
- Original cataloging agency: dpl
- Transcribing agency: dpl
100 ## - HEADING--PERSONAL NAME
- Personal name: शेखर, बी.के.चन्द्र
670 ## - SOURCE DATA FOUND
- Source citation: Work cat.: (dpl)49586: शेखर, बी.के.चन्द्र , मैनेजमेंट गुरूः श्री गणेशः, 2010
670 ## - SOURCE DATA FOUND
- Source citation: Work cat.: (dpl)49586: शेखर, बी.के.चन्द्र , मैनेजमेंट गुरूः श्री गणेशः, 2010
